|
|
|
|
| LEADER |
00000cas a2200000 c 4500 |
| 001 |
130750360 |
| 003 |
DE-627 |
| 005 |
20250604134012.0 |
| 007 |
tu |
| 008 |
931117d19811990gw z| m| 0 |0ger c |
| 016 |
7 |
|
|a 015286932
|2 DE-101
|
| 016 |
7 |
|
|a 990863-8
|2 DE-600
|
| 035 |
|
|
|a (DE-627)130750360
|
| 035 |
|
|
|a (DE-576)00891849X
|
| 035 |
|
|
|a (DE-599)ZDB990863-8
|
| 035 |
|
|
|a (OCoLC)1367901121
|
| 040 |
|
|
|a DE-627
|b ger
|c DE-627
|e rakwb
|
| 041 |
|
|
|a ger
|
| 044 |
|
|
|c XA-DE
|
| 082 |
0 |
4 |
|a 050
|q DE-101
|
| 082 |
0 |
4 |
|a 050
|q DE-600
|
| 084 |
|
|
|a 1
|2 ssgn
|
| 110 |
2 |
|
|e VerfasserIn
|0 (DE-588)2070618-2
|0 (DE-627)103740317
|0 (DE-576)192150685
|4 aut
|a Civitas
|
| 245 |
1 |
0 |
|a Civitas-Resultate / Civitas
|
| 246 |
1 |
|
|i Nebent.:
|a Reihe Civitas-Resultate
|
| 246 |
1 |
|
|i Nebent.:
|a Series Civitas-Resultate
|
| 264 |
3 |
1 |
|a [Wechselnde Verlagsorte]
|c 1981-1990
|
| 336 |
|
|
|a Text
|b txt
|2 rdacontent
|
| 337 |
|
|
|a ohne Hilfsmittel zu benutzen
|b n
|2 rdamedia
|
| 338 |
|
|
|a Band
|b nc
|2 rdacarrier
|
| 362 |
0 |
|
|a 1.1981-12 [?]
|
| 363 |
0 |
0 |
|a 1
|i 1981
|
| 363 |
1 |
0 |
|i 1990
|a 12
|
| 490 |
0 |
|
|a Teils: Serie Piper
|
| 655 |
|
7 |
|a Monografische Reihe
|0 (DE-588)4179998-7
|0 (DE-627)104628669
|0 (DE-576)209995106
|2 gnd-content
|
| 889 |
|
|
|w (DE-603)009405518
|
| 889 |
|
|
|w (DE-576)311887589
|
| 889 |
|
|
|w (DE-627)1381887589
|
| 935 |
|
|
|a BGTS
|a mteo
|a RFBW
|
| 935 |
|
|
|i sdedup20221009
|
| 951 |
|
|
|a ST
|
| BIB |
|
|
|a 1
|c 1
|
| ELC |
|
|
|b 1
|
| ITA |
|
|
|a 1
|t 1
|
| LOK |
|
|
|0 000 xxxxxcx a22 zn 4500
|
| LOK |
|
|
|0 001 246671910X
|
| LOK |
|
|
|0 003 DE-627
|
| LOK |
|
|
|0 004 130750360
|
| LOK |
|
|
|0 005 20010606000000
|
| LOK |
|
|
|0 008 870601||||||||||||||||ger|||||||
|
| LOK |
|
|
|0 040
|a DE-21
|c DE-627
|d DE-21
|
| LOK |
|
|
|0 852
|a DE-21
|
| LOK |
|
|
|0 852 1
|9 00
|
| LOK |
|
|
|0 939
|a 01-06-87
|b l01
|
| LOK |
|
|
|0 000 xxxxxcx a22 zn 4500
|
| LOK |
|
|
|0 001 2466719126
|
| LOK |
|
|
|0 003 DE-627
|
| LOK |
|
|
|0 004 130750360
|
| LOK |
|
|
|0 005 20220325083734
|
| LOK |
|
|
|0 008 901122||||||||||||||||ger|||||||
|
| LOK |
|
|
|0 040
|a DE-21-31
|c DE-627
|d DE-21-31
|
| LOK |
|
|
|0 852
|a DE-21-31
|
| LOK |
|
|
|0 852 1
|c Einzelsignatur
|m p
|9 00
|
| LOK |
|
|
|0 866
|x Auf Dubletten 31/35 geprüft 3/22
|
| LOK |
|
|
|0 938
|k p
|
| LOK |
|
|
|0 939
|a 22-11-90
|b l01
|
| LOK |
|
|
|0 000 xxxxxcx a22 zn 4500
|
| LOK |
|
|
|0 001 2466719134
|
| LOK |
|
|
|0 003 DE-627
|
| LOK |
|
|
|0 004 130750360
|
| LOK |
|
|
|0 005 20010619000000
|
| LOK |
|
|
|0 008 910318||||||||||||||||ger|||||||
|
| LOK |
|
|
|0 040
|a DE-21-35
|c DE-627
|d DE-21-35
|
| LOK |
|
|
|0 852
|a DE-21-35
|
| LOK |
|
|
|0 852 1
|c Einzelsignatur
|m p
|9 00
|
| LOK |
|
|
|0 938
|k p
|
| LOK |
|
|
|0 939
|a 18-03-91
|b l01
|
| LOK |
|
|
|0 000 xxxxxcx a22 zn 4500
|
| LOK |
|
|
|0 001 2466719142
|
| LOK |
|
|
|0 003 DE-627
|
| LOK |
|
|
|0 004 130750360
|
| LOK |
|
|
|0 005 20010619000000
|
| LOK |
|
|
|0 008 960311||||||||||||||||ger|||||||
|
| LOK |
|
|
|0 040
|a DE-21-24
|c DE-627
|d DE-21-24
|
| LOK |
|
|
|0 852
|a DE-21-24
|
| LOK |
|
|
|0 852 1
|m p
|9 00
|
| LOK |
|
|
|0 938
|k p
|
| LOK |
|
|
|0 939
|a 11-03-96
|b l01
|
| LOK |
|
|
|0 000 xxxxxcx a22 zn 4500
|
| LOK |
|
|
|0 001 2502041775
|
| LOK |
|
|
|0 003 DE-627
|
| LOK |
|
|
|0 004 130750360
|
| LOK |
|
|
|0 005 20060202094058
|
| LOK |
|
|
|0 008 060202||||||||||||||||ger|||||||
|
| LOK |
|
|
|0 040
|a DE-21-37
|c DE-627
|d DE-21-37
|
| LOK |
|
|
|0 852
|a DE-21-37
|
| LOK |
|
|
|0 852 1
|m p
|9 00
|
| LOK |
|
|
|0 938
|k p
|
| LOK |
|
|
|0 939
|a 02-02-06
|b l01
|
| LOK |
|
|
|0 000 xxxxxcx a22 zn 4500
|
| LOK |
|
|
|0 001 2524916553
|
| LOK |
|
|
|0 003 DE-627
|
| LOK |
|
|
|0 004 130750360
|
| LOK |
|
|
|0 005 20070117114913
|
| LOK |
|
|
|0 008 070117||||||||||||||||ger|||||||
|
| LOK |
|
|
|0 040
|a DE-21-22
|c DE-627
|d DE-21-22
|
| LOK |
|
|
|0 852
|a DE-21-22
|
| LOK |
|
|
|0 852 1
|m p
|9 00
|
| LOK |
|
|
|0 935
|a k022
|a kneu
|
| LOK |
|
|
|0 938
|k p
|
| LOK |
|
|
|0 939
|a 17-01-07
|b l01
|
| LOK |
|
|
|0 000 xxxxxcx a22 zn 4500
|
| LOK |
|
|
|0 001 2535613808
|
| LOK |
|
|
|0 003 DE-627
|
| LOK |
|
|
|0 004 130750360
|
| LOK |
|
|
|0 005 20070613103555
|
| LOK |
|
|
|0 008 070613||||||||||||||||ger|||||||
|
| LOK |
|
|
|0 040
|a DE-21-93
|c DE-627
|d DE-21-93
|
| LOK |
|
|
|0 852
|a DE-21-93
|
| LOK |
|
|
|0 852 1
|m p
|9 00
|
| LOK |
|
|
|0 935
|a k093
|a i093
|a kneu
|
| LOK |
|
|
|0 938
|k p
|
| LOK |
|
|
|0 939
|a 13-06-07
|b l01
|
| LOK |
|
|
|0 000 xxxxxcx a22 zn 4500
|
| LOK |
|
|
|0 001 2557679917
|
| LOK |
|
|
|0 003 DE-627
|
| LOK |
|
|
|0 004 130750360
|
| LOK |
|
|
|0 005 20071204160209
|
| LOK |
|
|
|0 008 071204||||||||||||||||ger|||||||
|
| LOK |
|
|
|0 040
|a DE-21-46
|c DE-627
|d DE-21-46
|
| LOK |
|
|
|0 852
|a DE-21-46
|
| LOK |
|
|
|0 852 1
|m p
|9 00
|
| LOK |
|
|
|0 935
|a k046
|a i046
|a kneu
|
| LOK |
|
|
|0 938
|k p
|
| LOK |
|
|
|0 939
|a 04-12-07
|b l01
|
| LOK |
|
|
|0 000 xxxxxcx a22 zn 4500
|
| LOK |
|
|
|0 001 2579579613
|
| LOK |
|
|
|0 003 DE-627
|
| LOK |
|
|
|0 004 130750360
|
| LOK |
|
|
|0 005 20080901153152
|
| LOK |
|
|
|0 008 080901||||||||||||||||ger|||||||
|
| LOK |
|
|
|0 040
|a DE-21-43
|c DE-627
|d DE-21-43
|
| LOK |
|
|
|0 852
|a DE-21-43
|
| LOK |
|
|
|0 852 1
|m p
|9 00
|
| LOK |
|
|
|0 935
|a k043
|a kneu
|
| LOK |
|
|
|0 938
|k p
|
| LOK |
|
|
|0 939
|a 01-09-08
|b l01
|
| LOK |
|
|
|0 000 xxxxxcx a22 zn 4500
|
| LOK |
|
|
|0 001 2829471539
|
| LOK |
|
|
|0 003 DE-627
|
| LOK |
|
|
|0 004 130750360
|
| LOK |
|
|
|0 005 20150112093802
|
| LOK |
|
|
|0 008 150112||||||||||||||||ger|||||||
|
| LOK |
|
|
|0 040
|a DE-21-121
|c DE-627
|d DE-21-121
|
| LOK |
|
|
|0 852
|a DE-21-121
|
| LOK |
|
|
|0 852 1
|m p
|9 00
|
| LOK |
|
|
|0 935
|a k121
|a i121
|
| LOK |
|
|
|0 938
|k p
|
| LOK |
|
|
|0 939
|a 12-01-15
|b l01
|
| LOK |
|
|
|0 000 xxxxxcx a22 zn 4500
|
| LOK |
|
|
|0 001 4479109722
|
| LOK |
|
|
|0 003 DE-627
|
| LOK |
|
|
|0 004 130750360
|
| LOK |
|
|
|0 005 20240207143850
|
| LOK |
|
|
|0 008 240207||||||||||||||||ger|||||||
|
| LOK |
|
|
|0 040
|a DE-Tue135
|c DE-627
|d DE-Tue135
|
| LOK |
|
|
|0 092
|o n
|
| LOK |
|
|
|0 852
|a DE-Tue135
|
| LOK |
|
|
|0 852 1
|9 00
|
| LOK |
|
|
|0 935
|a RFBW
|
| LOK |
|
|
|0 939
|a 07-02-24
|b l01
|
| ORI |
|
|
|a SA-MARC-ixtheoa001.raw
|
| REL |
|
|
|a 1
|
| SPR |
|
|
|a 1
|t BIB
|t IXT
|t REL
|
| SUB |
|
|
|a REL
|